Т. 58, № 7; Известия вузов. Физика

Dettagli Bibliografici
Parent link:Известия вузов. Физика/ Томский государственный университет (ТГУ). Т. 58, № 7.— , 1958-
Lingua:russo
Pubblicazione: 2015
Natura: MixedMaterials Libro
KOHA link:https://koha.lib.tpu.ru/cgi-bin/koha/opac-detail.pl?biblionumber=548526

MARC

LEADER 00000nam2a2200000 4500
001 548526
005 20231101120340.0
035 |a (RuTPU)RU\TPU\prd\241530 
090 |a 548526 
100 |a 20150921a19589999k y0rusy50 ca 
101 0 |a rus 
102 |a RU 
200 0 |a Т. 58, № 7 
210 |d 2015 
461 1 |0 (RuTPU)RU\TPU\prd\191  |t Известия вузов. Физика  |f Томский государственный университет (ТГУ)  |v Т. 58, № 7  |d 1958- 
801 0 |a RU  |b 63413507  |c 20010227  |g PSBO 
801 1 |a RU  |b 63413507  |c 20150921 
801 2 |a RU  |b 63413507  |c 20230504  |g RCR 
942 |c BK 
999 |a НТБ_ТПУ  |b НФ  |e -1/20150112  |p П-6307п  |s 1/20150608  |u 0,00  |v 1